000 01143nam a22003130a 4500
001 PT16250
003 AR-LpoUNG
005 20210131232703.0
008 191001s2003||||ag |||||||||||||||||spa d
020 _a9504001815
_c$5.33
040 _aAR-LpoUNG
_bspa
_cAR-LpoUNG
_eaacr
041 _aspa
044 _aag
082 0 _a907.209 82 638pol
100 1 _aCattaruzza, Alejandro
245 1 0 _aPolíticas de la historia :
_bArgentina 1860 - 1960
250 _a1ra. ed.
260 _aBuenos Aires :
_bAlianza,
_c2003.
300 _a265 p. :
_btbls., gráfs.
520 _a<p>La obra analiza cómo se fueron gestando e imponiendo, no sin desidencias, diversas representaciones del pasado argentino a través de las distintas corrientes historiograficas, estudia las bases ideológicas que sustentaron los trabajos de los historiadores y de los contextos que permitieron sus respectivas elaboraciones.</p>
650 4 _aANALISIS HISTORICO
650 4 _aASPECTOS POLITICOS
650 4 _aGRUPOS DE INTERESES
650 4 _aIDEOLOGIAS
651 4 _aArgentina
700 1 _aEujanian, Alejandro
905 _a16250
942 _cLSALA
999 _c16943
_d16943